| 000 | 00428 a2200145 4500 | ||
|---|---|---|---|
| 020 | _a8178086646 | ||
| 040 |
_aDLC _bDLC |
||
| 082 | 0 | 0 | _a005.1068 |
| 100 | 1 | _aJalote, Pankaj. | |
| 245 | 1 | 0 |
_aSoftware project management in practice _cPankaj Jalote. |
| 260 |
_aDelhi : _bPearson Education, _cc2002. |
||
| 300 |
_axv, 262 p. : _bill. ; _c24 cm. |
||
| 650 | 0 |
_aComputer software _xDevelopment _xManagement. |
|
| 942 |
_cBK _k005.1068 JAL _2ddc |
||
| 999 |
_c4221 _d4221 |
||